Česko-německý slovník I. díl, A-O
Enregistré dans:
| Auteur principal: | |
|---|---|
| Autres auteurs: | |
| Format: | Livre |
| Langue: | tchèque allemand |
| Publié: |
Praha
Státní pedagogické nakladatelství
1963
|
| Édition: | 1. vyd. |
| Sujets: | |
| Accès en ligne: | Voir à l'OPAC |
| Tags: |
Pas de tags, Soyez le premier à ajouter un tag!
|
MARC
| LEADER | 00000nam a2200000 a 4500 | ||
|---|---|---|---|
| 005 | 20260127134219.0 | ||
| 008 | 000706s1963 xr grd 000 0 cze c | ||
| 035 | |a vtls008562736 | ||
| 035 | |a SAVUKc153138 | ||
| 039 | 9 | |a 201504241301 |b msavuk01 |c 201504241255 |d msavuk01 |c 200809260852 |d mspk03 |c 200809171128 |d mschk03 |y 200602032141 |z VLOAD | |
| 040 | |a SAVUK |b slo |c SNK |e AACR2 |d STUSCHK1 | ||
| 041 | 1 | |a cze |a ger | |
| 044 | |a cs |c CS | ||
| 080 | |a 811.162.3 |2 2001 | ||
| 080 | |a 811.112.2 |2 2001 | ||
| 080 | |a (038) |2 2001 | ||
| 100 | 1 | |a Volný, Jan | |
| 245 | 1 | 0 | |a Česko-německý slovník |n I. díl, A-O |c Jan Volný ; zpracoval František Widimský |
| 246 | 3 | 1 | |a Tschechisch-Deutsches Wörterbuch |n I. Teil, A-O |
| 250 | |a 1. vyd. | ||
| 260 | |a Praha |b Státní pedagogické nakladatelství |c 1963 |e Praha |f Polygrafia | ||
| 300 | |a 800 s. |c 17 cm | ||
| 650 | 0 | 7 | |a čeština |2 SNKPH |
| 650 | 0 | 7 | |a nemčina |2 SNKPH |
| 655 | 7 | |a slovníky |2 SNKPH | |
| 700 | 1 | |a Widimský, František |4 com | |
| 910 | |a savuk | ||
| 910 | |a SCHK95 | ||
| 910 | |a spk | ||
| 999 | |c 6887 |d 6887 | ||